Eastern Utah Libraries Catalog: Duchesne, Heber, Roosevelt, & Vernal

Goosebumps (Record no. 302190)

MARC details
000 -LEADER
fixed length control field 02329cgm a2200469Mi 4500
001 - CONTROL NUMBER
control field ocn988526891
003 - CONTROL NUMBER IDENTIFIER
control field OCoLC
005 - DATE AND TIME OF LATEST TRANSACTION
control field 20200320204546.0
007 - PHYSICAL DESCRIPTION FIXED FIELD--GENERAL INFORMATION
fixed length control field vd cvaizu
008 - FIXED-LENGTH DATA ELEMENTS--GENERAL INFORMATION
fixed length control field 151125s2015 cau103 j vceng d
020 ## - INTERNATIONAL STANDARD BOOK NUMBER
Terms of availability 6.99
024 1# - OTHER STANDARD IDENTIFIER
Standard number or code 043396446823
028 42 - PUBLISHER NUMBER
Publisher number 44682
035 ## - SYSTEM CONTROL NUMBER
System control number (OCoLC)988526891
040 ## - CATALOGING SOURCE
Original cataloging agency KK5
Language of cataloging eng
Transcribing agency KK5
Modifying agency OCLCO
-- WACOL
049 ## - LOCAL HOLDINGS (OCLC)
Holding library WACL
092 ## - LOCALLY ASSIGNED DEWEY CALL NUMBER (OCLC)
Classification number JDVD
Item number GOOS
092 ## - LOCALLY ASSIGNED DEWEY CALL NUMBER (OCLC)
Classification number DVD
Item number Goo
245 00 - TITLE STATEMENT
Title Goosebumps
Medium [DVD Videorecording] /
Statement of responsibility, etc Columbia Pictures and Sony Pictures Animation present in association with Lstar Capital and Village Roadshow Pictures an Original Film/Scholastic Entertainment Inc. production ; produced by Deborah Forte, Neal H. Moritz ; directed by Rob Letterman.
264 #2 - Production, Publication, Distribution, Manufacture, and Copyright Notice.
Place of production, publication, distribution, manufacture Culver City, California :
Name of producer, publisher, distributor, manufacturer Sony Pictures Home Entertainment,
Date of production, publication, distribution, manufacture, or copyr [2016]
300 ## - PHYSICAL DESCRIPTION
Extent 1 DVD (approximately 103 mins.) :
Other physical details sound, color ;
Dimensions 4 3/4 in.
336 ## - Content Type
Content type term two-dimensional moving image
337 ## - Media type
Media type term video
338 ## - Carrier type
Carrier type term video disc
344 ## -
-- digital
-- optical
-- rda
347 ## -
-- video file
-- DVD video
-- region 1
-- rda
365 ## - TRADE PRICE
Price type code 01
Price amount 20.00
Price type code USD
500 ## - GENERAL NOTE
General note Special features.
511 1# - PARTICIPANT OR PERFORMER NOTE
Participant or performer note Jack Black, Dylan Minnette, Odeya Rush, Ryan Lee, Amy Ryan, Jillian Bell.
520 ## - SUMMARY, ETC.
Summary, etc After moving to a small town, Zach Cooper finds a silver lining when he meets next-door neighbor Hannah, the daughter of best-selling Goosebumps series author R. L. Stine. Stine is very mysterious and a prisoner of his own imagination--the monsters that his books made famous are real, and he protects his readers by keeping them locked up in their manuscripts. When the monsters are accidentally unleashed and begin to terrorize the town, it's up to Stine, Zach and Hannah to get them back in their books where they belong!
521 8# - TARGET AUDIENCE NOTE
Target audience note Rated PG.
546 ## - LANGUAGE NOTE
Language note English audio.
650 #0 - SUBJECT ADDED ENTRY--TOPICAL TERM
Topical term or geographic name as entry element DVD
Form subdivision Juvenile.
9 (RLIN) 5946966
650 #0 - SUBJECT ADDED ENTRY--TOPICAL TERM
Topical term or geographic name as entry element Digital video disc
Form subdivision Juvenile.
9 (RLIN) 5756873
700 1# - ADDED ENTRY--PERSONAL NAME
Personal name Black, Jack,
Dates associated with a name 1969-
Relator term actor.
9 (RLIN) 66764
700 1# - ADDED ENTRY--PERSONAL NAME
Personal name Minnette, Dylan,
Dates associated with a name 1996-
Relator term actor.
9 (RLIN) 5946967
700 1# - ADDED ENTRY--PERSONAL NAME
Personal name Rush, Odeya,
Dates associated with a name 1997-
Relator term actor.
9 (RLIN) 5946968
942 ## - ADDED ENTRY ELEMENTS (KOHA)
Koha item type DVD
948 ## - LOCAL PROCESSING INFORMATION (OCLC); SERIES PART DESIGNATOR (RLIN)
Series part designator, SPT (RLIN) 07/19/2017
z (OCLC) Sirsi
994 ## -
-- C0
-- WACOL
996 ## -
-- 141499
-- 34301001528134
-- DVD
-- DVD
-- wcl
-- o
-- 49
-- 6.99
-- amazon
-- Goo
-- 07/19/2017
-- 02/19/2020
-- 03/16/2020
Holdings
Withdrawn status Lost status Source of classification or shelving scheme Damaged status Not for loan Collection code Home library Current library Shelving location Date acquired Source of acquisition Cost, normal purchase price Total Checkouts Total Renewals Full call number Barcode Date last seen Date checked out Cost, replacement price Price effective from Koha item type Public note
    Dewey Decimal Classification     Movies Wasatch County Library Wasatch County Library Audio Visual Area 07/19/2017 Amazon 6.99 78 41 Blu Goo 34301002000869 03/09/2026 03/09/2026 6.99 03/20/2020 Blu-ray/DVD 2 Discs
This project was made possible through a grant from the Institute of Museum and Library Service administered by the Utah State Library Division.

Wasatch County Library

  • 465 East 1200 South, Heber City, Utah 84032
  • Phone 435-654-1511 | Fax 435-654-6456

Hours

  • Monday - Friday 9:30 AM - 8:00 PM
  • Saturday 9:30 AM - 1:30 PM
  • Closed Sundays and Holidays